Equipe de France à la Coupe du Monde 2022 - Statistiques

Statistiques générales
  • Ce quiz a été pris 3 226 fois
  • Le résultat moyen est 23 sur 26
Statistiques - réponses
Hint Club Réponse % Correct
G Tottenham Hugo Lloris
99%
A Paris Saint Germain Kylian Mbappé
98%
A Atlético Madrid Antoine Griezmann
97%
A AC Milan Olivier Giroud
96%
D Bayern Munich Lucas Hernandez
95%
D AC Milan Théo Hernandez
95%
A FC Barcelone Ousmane Dembélé
93%
M Real Madrid Aurélien Tchouaméni
92%
D Bayern Munich Benjamin Pavard
92%
G West Ham Alphonse Areola
91%
D Manchester United Raphaël Varane
91%
M Real Madrid Edouardo Camavinga
91%
D FC Barcelone Jules Koundé
90%
A Eintracht Franckfort Randal Kolo Muani
90%
G Stade Rennais Steve Mandanda
90%
M Juventus Adrien Rabiot
89%
D Bayern Munich Dayot Upamecano
88%
A Bayern Munich Kingsley Coman
88%
Sélectionneur Didier Deschamps
85%
D Liverpool Ibrahima Konaté
85%
A Borussia Monchenglabach Marcus Thuram
84%
D Arsenal William Saliba
79%
M Olympique de Marseille Mattéo Guendouzi
77%
M Olympique de Marseille Jordan Veretout
73%
M AS Monaco Youssouf Fofana
68%
D AS Monaco Axel Disasi
60%
Aucun quiz correspondant
Distribution des résultats
% des personnes avec chaque résultat
Percentile par nombre de réponses
Votre historique - résultats
Vous n’avez pas pris ce quiz